000 00538nam a2200181 i 4500
001 118035
003 ES-MaACL
005 20250728050321.0
007 t|
008 070214s1930 sp r ||||1| spa d
100 1 _aPereyra, Carlos,
_d1871-1942
_990541
245 1 3 _aLa obra de España en América /
_cCarlos Pereyra.
260 _aMadrid :
_bM. Aguilar,
_c1930.
300 _a331 p. ;
_c21 cm.
651 7 _aAmérica Latina-
_xCivilización-
_xInfluencia española
_2
_9166504
852 _aES-MaACL
_jA-1401
999 _c118035
_d118035